|
|
|
|
| LEADER |
00000cam a2200000 i 4500 |
| 001 |
1/88876 |
| 008 |
080613s1986 gr | ||| |||| ||gre|| |
| 035 |
|
|
|l 10098217
|
| 040 |
|
|
|a GR-MY-UA
|b gre
|e aacr
|
| 041 |
0 |
|
|a gre
|
| 082 |
0 |
|
|a 889.134
|2 (22)
|
| 100 |
1 |
|
|a Νυμφόπουλος, Κώστας Μ.,
|d 1920-
|
| 245 |
1 |
0 |
|a Πόντος ο Ελληνικός :
|b μύθοι-θρύλοι-ιστορία : ποιητική σύνθεση /
|c Κώστα Νυμφόπουλου ; προλογίζει ο Λευτέρης Παντ. Κιντζονίδης
|
| 260 |
|
|
|a Θεσσαλονίκη :
|b [χ.ό.],
|c 1986
|
| 300 |
|
|
|a 31 σ.;
|c 20 εκ.
|
| 650 |
0 |
0 |
|a Greek poetry, Modern
|y 20th century.
|
| 651 |
|
0 |
|a Pontus
|x History.
|
| 852 |
|
|
|a INST
|b RHODES
|c AKA
|e 20080613
|h 889.134 ΝΥΜ
|p 005400028004
|q 005400028004
|t BK
|y 0
|
| 901 |
|
|
|a BIBL4-2008-2
|
| 909 |
|
|
|a Ρ
|b 150652
|
| 970 |
|
|
|a ΧΑΡΙΟΠΟΛΙΤΟΥ
|b ΚΩΝΣΤΑΝΤΙΝΑ
|z 2008/06/13
|